Tổng hợp hydrotalxit mang stearat và ứng dụng trong lớp phủ epoxy để bảo vệ chống ăn mòn cho thép cacbon /
Tallennettuna:
| Päätekijä: | |
|---|---|
| Muut tekijät: | , , , |
| Aineistotyyppi: | Artikkeli |
| Kieli: | Vietnamese |
| Aiheet: | |
| Tagit: |
Lisää tagi
Ei tageja, Lisää ensimmäinen tagi!
|
| Thư viện lưu trữ: | Thư viện Trường Đại học Đà Lạt |
|---|
| LEADER | 01041nam a2200337 4500 | ||
|---|---|---|---|
| 001 | DLU180184473 | ||
| 005 | ##20180417 | ||
| 040 | # | # | |a DLU |b vie |
| 041 | # | # | |a vie |
| 044 | # | # | |a vn |
| 100 | # | # | |a Nguyễn Thùy Dương. |
| 245 | # | # | |a Tổng hợp hydrotalxit mang stearat và ứng dụng trong lớp phủ epoxy để bảo vệ chống ăn mòn cho thép cacbon / |c Nguyễn Thùy Dương, ... [và những người khác]. |
| 653 | # | # | |a Carbon steel |
| 653 | # | # | |a Corrosion |
| 653 | # | # | |a Epoxy coatings |
| 653 | # | # | |a Hydrotalcite |
| 653 | # | # | |a Stearate |
| 700 | # | # | |a Bùi Văn Trước. |
| 700 | # | # | |a Tô Thị Xuân Hằng. |
| 700 | # | # | |a Thái Thu Thủy. |
| 700 | # | # | |a Trịnh Anh Trúc. |
| 773 | # | # | |t Hóa học |g Số 4, 2015, tr. 456-460 |
| 920 | # | # | |a Phòng Tạp chí -- Trung tâm Thông tin - Thư viện Trường Đại học Đà Lạt |
| 994 | # | # | |a DLU |
| 900 | # | # | |a True |
| 911 | # | # | |a Hoàng Thị Huyền |
| 925 | # | # | |a G |
| 926 | # | # | |a A |
| 927 | # | # | |a BB |
| 980 | # | # | |a Thư viện Trường Đại học Đà Lạt |